Central Library OPAC University of Rajshahi

Commercial exploitation of fisheries : (Record no. 66823)

MARC details
000 -LEADER
fixed length control field 00857nam a2200253 a 4500
001 - CONTROL NUMBER
control field 66823
003 - CONTROL NUMBER IDENTIFIER
rucl marc code BD-RjUL
005 - DATE AND TIME OF LATEST TRANSACTION
control field 20211209081600.0
008 - FIXED-LENGTH DATA ELEMENTS--GENERAL INFORMATION
fixed length control field 170320s2002 ii a b 001 0 eng
020 ## - INTERNATIONAL STANDARD BOOK NUMBER
International Standard Book Number 0195658434
035 ## - SYSTEM CONTROL NUMBER
System control number (BD-RjUL)66954
040 ## - CATALOGING SOURCE
Original cataloging agency DLC
Transcribing agency DLC
Modifying agency BD-RjUL
Language of cataloging eng
041 ## - LANGUAGE CODE
Language code of text/sound track or separate title eng
082 00 - DEWEY DECIMAL CLASSIFICATION NUMBER
Classification number 338.3727
Edition number 23
Author mark and year BHC 2002
100 1# - MAIN ENTRY--PERSONAL NAME
Personal name Bhattacharya, Hrishikes.
9 (RLIN) 197853
245 10 - TITLE STATEMENT
Title Commercial exploitation of fisheries :
Remainder of title production, marketing, and finance strategies /
Statement of responsibility, etc. Hrishikes Bhattacharya.
260 ## - PUBLICATION, DISTRIBUTION, ETC. (IMPRINT)
Place of publication, distribution, etc. New Delhi ;
-- New York :
Name of publisher, distributor, etc. Oxford University Press,
Date of publication, distribution, etc. 2002.
300 ## - PHYSICAL DESCRIPTION
Pagination xx, 327 p. :
Illustrations ill. ;
Size 22 cm.
504 ## - BIBLIOGRAPHY, ETC. NOTE
Bibliography, etc Includes bibliographical references (p. [317]-318) and index.
520 ## - SUMMARY, ETC.
Summary, etc. With partial reference to India.
650 #0 - SUBJECT ADDED ENTRY--TOPICAL TERM
Topical term or geographic name as entry element Fish trade.
9 (RLIN) 197854
Topical term or geographic name as entry element Fish trade
Geographic subdivision India.
9 (RLIN) 197855
942 ## - ADDED ENTRY ELEMENTS (KOHA)
Source of classification or shelving scheme Dewey Decimal Classification
Koha item type Books
Holdings
Lost status Source of classification or shelving scheme Damaged status Not for loan Collection code Permanent Location Current Location Shelving location Date acquired Source of acquisition Cost, normal purchase price Total Checkouts Full call number Date last seen Copy number Koha item type
  Dewey Decimal Classification   Not For Loan Non-fiction Central Library, University of Rajshahi Central Library, University of Rajshahi Reading Room 08/10/2005 Paragogn Enterprise, Dhaka 645.00   338.3727 BHC 2002 20/03/2017 C-1 Books